LEADER 04175nam 2200601 450 001 9910793267903321 005 20220525142754.0 010 $a3-95487-738-4 024 7 $a10.31819/9783954877386 035 $a(CKB)4100000007165084 035 $a(MiAaPQ)EBC5757612 035 $a(DE-B1597)516417 035 $a(OCoLC)1088922276 035 $a(DE-B1597)9783954877386 035 $a(MiAaPQ)EBC6275948 035 $a(Au-PeEL)EBL6275948 035 $a(OCoLC)1076485031 035 $a(OCoLC)1117435954 035 $a(FlNmELB)ELB106370 035 $a(EXLCZ)994100000007165084 100 $a20220525d2017 uy 0 101 0 $aspa 135 $aurcnu|||||||| 181 $2rdacontent 182 $2rdamedia 183 $2rdacarrier 200 03$aEl Espan?ol en la Red /$fMabel Giammatteo, Patricia Gubitosi, Alejandro Parini, editors 210 1$aMadrid :$cIberoamericana ;$aFrankfurt am Main :$cVervuert,$d[2017] 210 4$d©2017 215 $a1 online resource (332 pa?ginas) $cilustraciones 225 1 $aLingu?i?stica Iberoamericana ;$v68 311 0 $a84-16922-45-4 311 0 $a84-16922-45-4 320 $aIncluye referencias bibliogra?ficas. 327 $tFront matter --$tÍndice --$tIntroducción --$tLa comunicación mediada por computadora /$rGiammatteo, Mabel / Gubitosi, Patricia / Parini, Alejandro --$tEnmarcando el lenguaje de los nuevos medios /$rThurlow, Crispin --$tPrimera Parte. Géneros Y Estilos En La Red --$tLa Intensificación En Los Blogs De Contenido Cultural De La Prensa Digital Española Y Argentina /$rPano Alamán, Ana --$tLa Realidad Sintáctica De Twitter. Subordinación En 140 Caracteres /$rRecio Diego, Álvaro / Tomé Cornejo, Carmela --$tEconomía, Claridad Y Expresividad Lingüísticas: El Estilo Comunicativo Digital Del Teléfono Móvil En El Español Bonaerense /$rCantamutto, Lucía --$tSegunda Parte. Multilingüismo En La Red --$tCambio de código en la Red: la expresión de la identidad en Asturias /$rArias Álvarez, Alba --$tRed: diccionarios, traductores y foros /$rCasanovas-Catalá, Montserrat / Capdevila-Tomàs, Yolanda --$tCambio de código y mensajes de texto: diálogo bilingüe intergeneracional /$rGubitosi, Patricia --$tContextos y sentidos de las prácticas escritas bilingües entre jóvenes wichis /$rBallena, Camilo / Unamuno, Virginia --$tTercera Parte. Contexto, Participación E Interacción En La Red --$tAdecuación del discurso al contexto institucional en un foro virtual universitario /$rLucián Vargha, Eliana --$tCoherencia, cohesión y estructura de la interacción en el discurso digital: un análisis de los intercambios en la red social Facebook /$rVela Delfa, Cristina --$tEmoticonos y cortesía en los mensajes de WhatsApp en España /$rSampietro, Agnese --$tEl contexto de los mensajes en la comunicación digital /$rAlcántara-Plá, Manuel --$tSobre los autores 330 $aEl desarrollo de las nuevas tecnologías ha modificado la manera en que los seres humanos nos comunicamos, de modo que el estudio de ese campo ha ido concitando cada vez más el interés de los lingüistas. Pese a la gran difusión que el tema ha suscitado en investigadores de lengua inglesa, el español aún sigue en deuda en la producción de un texto de referencia que investigue este fenómeno en su totalidad. Este libro intenta cubrir ese vacío, examinando el tema de una manera integral a través de tres secciones: géneros textuales y estilos comunicativos; multilingüismo y contacto con otras lenguas; y contexto, participación e interacción en el entorno digital. 410 0$aLingu?i?stica iberoamericana ;$v68. 606 $aLanguage and the Internet$zSpain 606 $aLanguage and the Internet$zLatin America 615 0$aLanguage and the Internet 615 0$aLanguage and the Internet 676 $a306.440917561 686 $aIM 2682$2rvk 702 $aGiammatteo$b Mabel 702 $aGubitosi$b Patricia 702 $aParini$b Alejandro 801 0$bMiAaPQ 801 1$bMiAaPQ 801 2$bMiAaPQ 906 $aBOOK 912 $a9910793267903321 996 $aEl Espan?ol en la Red$93696701 997 $aUNINA LEADER 02403oas 2201009 a 450 001 9910339570303321 005 20260218110347.0 035 $a(DE-599)ZDB2019733-0 035 $a(OCoLC)60652680 035 $a(CONSER) 2011250965 035 $a(CKB)954921343174 035 $a(DE-599)2019733-0 035 $a(EXLCZ)99954921343174 100 $a20050616a19179999 sy 101 0 $aeng 135 $aurun||||||||| 181 $ctxt$2rdacontent 182 $cc$2rdamedia 183 $acr$2rdacarrier 200 00$aForbes 210 $aNew York $cB.C. Forbes Pub. Co.$d[1918]- 210 31$aJersey City, NJ :$cForbes Media LLC 300 $aEditor: 1917- B.C. Forbes. 311 08$a0015-6914 330 $aThis business magazine covers domestic and international business topics. Special issues include Annual Report on American Industry, Forbes 500, Stock Bargains, and Special Report on Multinationals. 517 1 $aForbes magazine 606 $aBusiness$vPeriodicals 606 $aCommerce 606 $aIndustry 606 $aBusiness$2fast$3(OCoLC)fst00842262 608 $aPeriodicals. 608 $aPeriodical. 608 $aPeriodicals.$2fast 608 $aPeriodicals.$2lcgft 615 0$aBusiness 615 2$aCommerce. 615 2$aIndustry. 615 7$aBusiness. 676 $a650/.05 701 $aForbes$b B. C$g(Bertie Charles),$f1880-1954$00 801 0$bOCLCS 801 1$bOCLCS 801 2$bOCLCG 801 2$bOCLCQ 801 2$bDLM 801 2$bHVC 801 2$bAUD 801 2$bHEBIS 801 2$bOCLCQ 801 2$bOCLCE 801 2$bOCL 801 2$bBUF 801 2$bM6U 801 2$bCSU 801 2$bSAP 801 2$bOCLCQ 801 2$bOCLCF 801 2$bOCLCQ 801 2$bUAB 801 2$bLIP 801 2$bOCLCO 801 2$bCOD 801 2$bXFH 801 2$bOCLCO 801 2$bOCLCA 801 2$bGILDS 801 2$bOCLCO 801 2$bU3W 801 2$bOCLCO 801 2$bAU@ 801 2$bOCLCO 801 2$bWYU 801 2$bOCLCO 801 2$bOCLCA 801 2$bVT2 801 2$bOCLCO 801 2$bHUL 801 2$bQGK 801 2$bOCLCQ 801 2$bOCLCO 801 2$bOCLCQ 801 2$bOCLCL 801 2$bOCLCQ 906 $aJOURNAL 912 $a9910339570303321 996 $aForbes$93576002 997 $aUNINA